Bilingual and multilingual education in the 21st century: building on experience
Saved in:
| Main Authors: | , , , |
|---|---|
| 格式: | 图书 |
| 语言: | 英语 |
| 出版: |
Bristol
Multilingual Matters
2013
|
| 版: | 1a. ed |
| 丛编: | Bilingual Education and Bilingualism
|
| 主题: | |
| 标签: |
添加标签
没有标签, 成为第一个标记此记录!
|
MARC
| LEADER | 00000cam a2200000 a 4500 | ||
|---|---|---|---|
| 001 | UCE1589 | ||
| 003 | CL-VaPUC | ||
| 008 | 140502e20130000uk |||||||||||||||||eng|d | ||
| 020 | |a 9781783090693 | ||
| 082 | 0 | 4 | |a 306.446 |b ABE |2 21 |
| 100 | 0 | |a Abello-Contesse, Christian |e author |9 573924 | |
| 700 | 0 | |a Chandler, Paul M |e author |9 573925 | |
| 700 | 0 | |a López-Jiménez, María Dolores |e author |9 573926 | |
| 700 | 0 | |a Chacón-Beltrán, Rubén |e author |9 573927 | |
| 245 | 1 | 0 | |a Bilingual and multilingual education in the 21st century: building on experience |
| 250 | |a 1a. ed | ||
| 300 | |a 318 p | ||
| 942 | |c BK | ||
| 945 | |d 20140502 10:02:00 |a dcastane | ||
| 260 | |a Bristol |b Multilingual Matters |c 2013 | ||
| 650 | 0 | |a Sociología del lenguaje |9 316755 | |
| 650 | 0 | |a Bilingüismo |9 307482 | |
| 650 | 0 | |a Lingüística |9 265068 | |
| 583 | |a last modification |c 20140502 10:02:00 |k Rodrigo Vera | ||
| 490 | 0 | |a Bilingual Education and Bilingualism | |
| 999 | |c 355333 |d 355331 | ||
| 952 | |0 0 |1 0 |3 erb |4 0 |6 306_446000000000000_ABE_2013 |7 0 |8 A |9 462012 |a FDOPOS |b FDOPOS |i 507312K |o 306.446 ABE 2013 |p 507312K |r 2025-01-22 |w 2019-11-23 |y BK |z Catalogado en:20140502 |k DLA | ||